[Event "Cap Aurora FISCA op"]
[Site "Cap Aurora"]
[Date "2022.06.25"]
[Round "4"]
[White "Petre, Nad Titus"]
[Black "Stancu, Ovidiu Grigore"]
[Result "1-0"]
[WhiteElo "2297"]
[BlackElo "1867"]
[PlyCount "125"]
[EventDate "2022.06.22"]
[EventType "swiss"]
[EventRounds "9"]
[EventCountry "ROU"]
[SourceTitle "EXT 2023"]
[Source "ChessBase"]
[SourceDate "2022.10.05"]
[SourceVersion "1"]
[SourceVersionDate "2022.10.05"]
[SourceQuality "1"]

1. d4 d5 2. Bf4 Nf6 3. e3 c6 4. c4 Qb6 5. Qb3 Be6 6. c5 Qxb3 7. axb3 Nbd7 8. b4 Nh5 9. Bc7 g6 10. h3 a6 11. Nf3 Nhf6 12. Nbd2 Bg7 13. Nb3 0-0 14. Na5 Rfc8 15. Bh2 b5 16. cxb6 Nxb6 17. Ne5 Bd7 18. Rc1 e6 19. Nxd7 Nbxd7 20. Nxc6 Bf8 21. Rc2 Ne4 22. Bd3 Nd6 23. b3 Nb5 24. Ke2 Na3 25. Rcc1 f5 26. g4 Nb5 27. Bf4 Kf7 28. f3 h6 29. h4 Bg7 30. Rc2 Na3 31. Ra2 Rxc6 32. Rxa3 Bf8 33. Rha1 Bxb4 34. Rxa6 Rcxa6 35. Rxa6 Rxa6 36. Bxa6 Bf8 37. Bg3 fxg4 38. fxg4 Nf6 39. Kf3 Ne4 40. Be1 g5 41. h5 Bd6 42. Ba5 Ke7 43. Bd3 Nf6 44. Bd2 Nd7 45. e4 dxe4+ 46. Bxe4 Nf6 47. Bc6 e5 48. Bc3 exd4 49. Bxd4 Bb4 50. Bb5 Kf7 51. Bc4+ Ke7 52. Be5 Ne8 53. Ke4 Bd6 54. Bc3 Bf4 55. Kf5 Nd6+ 56. Kg6 Ne4 57. Bb4+ Kd7 58. Kxh6 Nf6 59. Be2 Nd5 60. Ba5 Ne7 61. Bc4 Be3 62. Bc3 Nc8 63. Bf6 1-0

[Event "Cap Aurora FISCA op"]
[Site "Cap Aurora"]
[Date "2022.06.25"]
[Round "5"]
[White "Stancu, Ovidiu Grigore"]
[Black "Iordache, Alexia Andreea"]
[Result "0-1"]
[WhiteElo "1867"]
[BlackElo "1658"]
[PlyCount "67"]
[EventDate "2022.06.22"]
[EventType "swiss"]
[EventRounds "9"]
[EventCountry "ROU"]
[SourceTitle "EXT 2023"]
[Source "ChessBase"]
[SourceDate "2022.10.05"]
[SourceVersion "1"]
[SourceVersionDate "2022.10.05"]
[SourceQuality "1"]

1. e4 c5 2. Nf3 d6 3. c3 Nf6 4. Bc4 e6 5. Qe2 Nc6 6. d4 cxd4 7. cxd4 Be7 8. d5 Nb8 9. Bb5+ Bd7 10. dxe6 fxe6 11. Nc3 0-0 12. e5 Ng4 13. exd6 Bxd6 14. h3 Nf6 15. 0-0 a6 16. Bc4 Re8 17. Nd4 Nc6 18. Nxc6 bxc6 19. Bg5 Qc7 20. Bxf6 gxf6 21. Ne4 Be5 22. Qf3 Qd8 23. Rad1 Qe7 24. Rd2 Ra7 25. Qe3 Bc8 26. f4 Bb8 27. f5 Kh8 28. Qh6 exf5 29. Nxf6 Rf8 30. Nxh7 Qc5+ 31. Kh1 Rxh7 32. Qg5 Qxc4 33. Rdf2 Qg8 34. Qh6 0-1

[Event "Jupiter FISCA op"]
[Site "Jupiter"]
[Date "2021.06.24"]
[Round "2"]
[White "Cnejev, Vladimir Alexandru"]
[Black "Stancu, Ovidiu Grigore"]
[Result "1-0"]
[WhiteElo "2161"]
[BlackElo "1887"]
[PlyCount "41"]
[EventDate "2021.06.23"]
[EventType "swiss"]
[EventRounds "9"]
[EventCountry "ROU"]
[SourceTitle "EXT 2022"]
[Source "ChessBase"]
[SourceDate "2021.10.06"]
[SourceVersion "1"]
[SourceVersionDate "2021.10.06"]
[SourceQuality "1"]

1. e4 g6 2. d4 d6 3. Bd3 Bg7 4. c3 Nf6 5. Nf3 0-0 6. 0-0 c5 7. Re1 cxd4 8. cxd4 Nc6 9. d5 Nb4 10. Bf1 Qc7 11. Nc3 Bg4 12. Qa4 Bxf3 13. Qxb4 Bg4 14. Bg5 b6 15. e5 a5 16. Qa4 Bd7 17. Bb5 Nxd5 18. Nxd5 Bxb5 19. Qxb5 Qc2 20. Nxe7+ Kh8 21. Rac1 1-0

[Event "Arad op 12th"]
[Site "Arad"]
[Date "2019.07.25"]
[Round "2"]
[White "Nastase, Robert Paul"]
[Black "Stancu, Ovidiu Grigore"]
[Result "1-0"]
[WhiteElo "2283"]
[BlackElo "1948"]
[PlyCount "101"]
[EventDate "2019.07.24"]
[EventType "swiss"]
[EventRounds "9"]
[EventCountry "ROU"]
[SourceTitle "CBM 191 Extra"]
[Source "ChessBase"]
[SourceDate "2019.09.30"]
[SourceVersion "1"]
[SourceVersionDate "2019.09.30"]
[SourceQuality "1"]

1. e4 e6 2. d4 d5 3. Nc3 Bb4 4. e5 c5 5. a3 Bxc3+ 6. bxc3 Qa5 7. Bd2 Nc6 8. Qg4 Kf8 9. Nf3 Qa4 10. Ra2 c4 11. Be2 Nge7 12. h4 Qb5 13. 0-0 Qa5 14. h5 h6 15. a4 Bd7 16. Rb1 Nd8 17. Rba1 Ndc6 18. Qf4 Kg8 19. g4 Qd8 20. Bc1 b6 21. Ba3 Qe8 22. Nh4 g5 23. hxg6 fxg6 24. Qg3 g5 25. Ng2 Ng6 26. Rf1 Rh7 27. f4 gxf4 28. Nxf4 Nxf4 29. Rxf4 Qg6 30. Rf6 Qe4 31. Qf2 Rg7 32. Bf3 Qh7 33. Bxd5 Rxg4+ 34. Kf1 Qg7 35. Bf3 Rg5 36. Bc1 Rf8 37. Bxg5 hxg5 38. Be4 Rxf6 39. exf6 Qf7 40. Ke2 Qh5+ 41. Kd2 Qh4 42. Qxh4 gxh4 43. Ra1 Kf7 44. Rf1 Nb8 45. Bg6+ Kf8 46. Rf4 Be8 47. f7 Bxa4 48. Rxh4 Nd7 49. Rh8+ Ke7 50. Re8+ Kf6 51. Bh5 1-0

[Event "Cap Aurora op 20th"]
[Site "Cap Aurora"]
[Date "2016.06.28"]
[Round "5"]
[White "Cosma, Elena Luminita"]
[Black "Stancu, Ovidiu Grigore"]
[Result "1-0"]
[WhiteElo "2345"]
[BlackElo "2012"]
[PlyCount "97"]
[EventDate "2016.06.25"]
[EventType "swiss"]
[EventRounds "9"]
[EventCountry "ROU"]
[SourceTitle "CBM 173 Extra"]
[Source "ChessBase"]
[SourceDate "2016.08.29"]
[SourceVersion "1"]
[SourceVersionDate "2016.08.29"]
[SourceQuality "1"]

1. d4 Nf6 2. Nf3 e6 3. g3 d5 4. Bg2 Be7 5. 0-0 0-0 6. c4 dxc4 7. Qc2 a6 8. Qxc4 b5 9. Qc2 Bb7 10. Bg5 Nbd7 11. Bxf6 Nxf6 12. Nbd2 Rc8 13. Nb3 Be4 14. Qc3 Nd5 15. Qd2 c5 16. dxc5 Bxc5 17. Nxc5 Rxc5 18. Rfc1 Rxc1+ 19. Rxc1 Qf6 20. Qd4 Qxd4 21. Nxd4 Bxg2 22. Kxg2 Ra8 23. Nc6 Kf8 24. Ne5 f6 25. Nd3 a5 26. Rc5 b4 27. Rb5 Ra7 28. e4 Nc7 29. Rb6 e5 30. Nc5 Ke7 31. b3 Ra8 32. Kf3 Ne8 33. Re6+ Kf7 34. Rc6 Ke7 35. Ke3 Ra7 36. f4 Rc7 37. Rxc7+ Nxc7 38. fxe5 fxe5 39. Nb7 Nb5 40. Nxa5 Kd6 41. Nc4+ Ke6 42. Kd3 Nd4 43. Ne3 Nf3 44. Nf1 Ng5 45. Nd2 Kd6 46. Kc4 Nf7 47. Kxb4 Kc6 48. a4 Nd6 49. Kc3 1-0

[Event "Golden Sands Europe op 2nd"]
[Site "Golden Sands"]
[Date "2013.06.16"]
[Round "7"]
[White "Posedaru, Bogdan Stefan"]
[Black "Stancu, Ovidiu Grigore"]
[Result "1-0"]
[WhiteElo "2297"]
[BlackElo "2075"]
[PlyCount "71"]
[EventDate "2013.06.10"]
[EventType "swiss"]
[EventRounds "9"]
[EventCountry "BUL"]
[SourceTitle "CBM 154 Extra"]
[Source "ChessBase"]
[SourceDate "2013.06.25"]
[SourceVersion "2"]
[SourceVersionDate "2013.06.25"]
[SourceQuality "1"]

1. d4 d5 2. c4 e6 3. Nc3 Nf6 4. cxd5 exd5 5. Bg5 Be7 6. e3 0-0 7. Bd3 h6 8. Bh4 c6 9. Qc2 Re8 10. Nge2 Nbd7 11. 0-0 Nf8 12. Rab1 Ne4 13. Bxe7 Qxe7 14. b4 Qg5 15. Nxe4 dxe4 16. Bxe4 Rxe4 17. Qxe4 Bf5 18. Qf4 Qg6 19. Rb2 Ne6 20. Qg3 Qh7 21. Nc3 Bd3 22. Re1 Bc4 23. Rd2 a5 24. bxa5 Qf5 25. e4 Qxa5 26. d5 cxd5 27. exd5 Nf8 28. d6 Nd7 29. Rdd1 Be6 30. Qf3 Rc8 31. Nd5 Rc5 32. Ne7+ Kh8 33. Qxb7 Qd8 34. Rc1 Rxc1 35. Rxc1 Nf6 36. Rc8 1-0

[Event "Bucharest Romgaz op 2nd"]
[Site "Bucharest"]
[Date "2008.09.16"]
[Round "6"]
[White "Stancu, Ovidiu Grigore"]
[Black "Manea, Alexandru"]
[Result "1/2-1/2"]
[WhiteElo "2137"]
[BlackElo "2357"]
[PlyCount "122"]
[EventDate "2008.09.11"]
[EventType "swiss"]
[EventRounds "9"]
[EventCountry "ROU"]
[SourceTitle "CBM 126 Extra"]
[Source "ChessBase"]
[SourceDate "2008.11.05"]
[SourceVersion "1"]
[SourceVersionDate "2008.11.05"]
[SourceQuality "1"]

1. Nf3 g6 2. d4 Bg7 3. b3 c5 4. e3 Nc6 5. c3 d5 6. Bb2 Nf6 7. Bd3 0-0 8. h3 Qc7 9. Nbd2 e5 10. dxe5 Nxe5 11. Nxe5 Qxe5 12. Nf3 Qe7 13. Qc2 b6 14. 0-0 Bb7 15. Rfe1 a6 16. a4 Qc7 17. Qe2 Rfe8 18. Rac1 Qc6 19. Qf1 Ne4 20. Rc2 c4 21. bxc4 dxc4 22. Bxe4 Qxe4 23. Rd2 Rad8 24. Red1 Rd5 25. Rxd5 Bxd5 26. Rd2 Bc6 27. Nd4 Rd8 28. Ba3 Be5 29. Nf3 Bc7 30. Rxd8+ Bxd8 31. Nd4 Bd5 32. Bc1 Bg5 33. f4 Bh4 34. Bd2 Be7 35. Kh2 Kf8 36. Qf3 Ke8 37. Kg3 Kd7 38. Kf2 Bh4+ 39. g3 Be7 40. f5 Qxf3+ 41. Nxf3 gxf5 42. Nd4 Be4 43. Be1 Kd6 44. Ke2 Kd5 45. g4 fxg4 46. hxg4 Ba3 47. Bh4 Bd3+ 48. Kf3 Bb2 49. Be1 Bg6 50. Bd2 Ba3 51. Be1 Bd6 52. Bh4 Be4+ 53. Ke2 Kc5 54. Kd2 Kd5 55. Bd8 Bc5 56. Ne2 Bf3 57. Bg5 Bxg4 58. Ng3 Bd7 59. Bf4 Bxa4 60. e4+ Ke6 61. Nh5 Bc6 1/2-1/2

[Event "Eforie Nord Romgaz op"]
[Site "Eforie Nord"]
[Date "2007.08.07"]
[Round "6"]
[White "Stancu, Ovidiu Grigore"]
[Black "Manescu, Tiberiu"]
[Result "0-1"]
[WhiteElo "2156"]
[BlackElo "2292"]
[PlyCount "62"]
[EventDate "2007.08.03"]
[EventType "swiss"]
[EventRounds "9"]
[EventCountry "ROU"]
[SourceTitle "EXT 2010"]
[Source "ChessBase"]
[SourceDate "2010.11.25"]
[SourceVersion "1"]
[SourceVersionDate "2010.11.25"]
[SourceQuality "1"]

1. d4 Nf6 2. c4 g6 3. Nc3 Bg7 4. e4 d6 5. h3 0-0 6. Bd3 a6 7. Nf3 c5 8. d5 b5 9. Bg5 Nbd7 10. Qd2 Nb6 11. cxb5 axb5 12. Bxb5 Ba6 13. Bxa6 Rxa6 14. 0-0 Qa8 15. Rab1 Na4 16. Bxf6 Bxf6 17. Qh6 Bg7 18. Qh4 Qa7 19. Nb5 Qd7 20. b3 Qxb5 21. bxa4 Qd7 22. Rb3 c4 23. Rb4 c3 24. Rc1 Rxa4 25. Rxa4 Qxa4 26. Qxe7 Qxa2 27. Qxd6 Bh6 28. Rf1 c2 29. Qc5 Qb2 30. Ng5 Bxg5 31. f4 Bxf4 0-1

[Event "Bucharest Rizea Memorial"]
[Site "Bucharest"]
[Date "2007.??.??"]
[Round "2"]
[White "Burnoiu, Nicolae Costel"]
[Black "Stancu, Ovidiu Grigore"]
[Result "1-0"]
[WhiteElo "2385"]
[BlackElo "2156"]
[PlyCount "51"]
[EventDate "2007.11.17"]
[EventType "swiss"]
[EventRounds "9"]
[EventCountry "ROU"]
[SourceTitle "EXT 2010"]
[Source "ChessBase"]
[SourceDate "2010.11.25"]
[SourceVersion "1"]
[SourceVersionDate "2010.11.25"]
[SourceQuality "1"]

1. e4 e6 2. d4 d5 3. Nd2 a6 4. Ngf3 Bd7 5. Bd3 Bb5 6. c4 dxc4 7. Nxc4 Bb4+ 8. Bd2 Bxd2+ 9. Qxd2 Nf6 10. Qe2 Bxc4 11. Bxc4 0-0 12. 0-0 c6 13. Rad1 Qc7 14. e5 Nd5 15. Ng5 h6 16. Ne4 Nd7 17. f4 Qb6 18. Kh1 Rae8 19. Nd6 Re7 20. f5 exf5 21. Nxf5 Re6 22. Rd3 Qd8 23. Rdf3 N7b6 24. Bd3 Qc7 25. Qe4 Nf6 26. Nxh6+ 1-0

[Event "IECG CP.2006.P.00002 email"]
[Site "IECG email"]
[Date "2006.10.01"]
[Round "?"]
[White "Stancu, Ovidiu Grigore"]
[Black "Pereira, Prashant"]
[Result "1-0"]
[WhiteElo "2099"]
[BlackElo "1301"]
[PlyCount "55"]
[EventDate "2006.10.01"]
[EventType "tourn (corr)"]
[EventRounds "6"]
[SourceTitle "Corr 2011"]
[Source "ChessBase"]
[SourceDate "2010.08.31"]
[SourceVersion "1"]
[SourceVersionDate "2010.08.31"]
[SourceQuality "1"]

1. d4 Nf6 2. Nf3 g6 3. e3 Bg7 4. Bd3 d5 5. 0-0 0-0 6. c4 c5 7. Nc3 cxd4 8. exd4 Nc6 9. Be3 dxc4 10. Bxc4 Na5 11. Be2 Nd5 12. Qd2 Nxe3 13. fxe3 e5 14. Rad1 exd4 15. Nxd4 Qg5 16. b4 Bh3 17. Bb5 Nc6 18. Ne4 Qd5 19. Bxc6 bxc6 20. Nf6+ Bxf6 21. Rxf6 Bg4 22. Nxc6 Qe4 23. Rc1 Bf5 24. Qd4 Rfe8 25. Kf2 Qxd4 26. Nxd4 Be4 27. Rc7 Bd5 28. Ra6 1-0